Obecný informátor

Bibliographic Details
Format: Journal
Language:Slovak
PhysicalDescription:18 zv. 30 cm
Published: Jaslovské Bohunice Obecný úrad 1991-2008
Subjects:

MARC

LEADER 00000cas a2200000 a 4500
001 vtls008162966
003 SK-MaSNL
005 20260228163526.0
008 050627d19912008xo ux|p 0 b0slo
040 |a SNK  |b slo  |c SNK  |e AACR2 
041 0 |a slo 
043 |a e-xo--- 
044 |a xo  |c SK 
072 7 |a 352/354  |x Stupne miestnej, oblastnej a ústrednej správy  |2 konspekt 
072 7 |a 316.7  |x Sociológia kultúry. Kultúrny život  |2 konspekt 
072 7 |a 394  |x Verejný a spoločenský život. Každodenný život  |2 konspekt 
080 |a 353.9  |2 2011 
080 |a 316.728  |2 2011 
080 |a 394  |2 2011 
080 |a 050  |2 2011 
080 |a (051)+(054)  |2 2011 
080 |a (437.612)  |2 2011 
245 0 0 |a Obecný informátor 
260 |a Jaslovské Bohunice  |b Obecný úrad  |c 1991-2008 
300 |a 18 zv.  |c 30 cm 
310 |a Občasník 
362 |a 1991-2008 
500 |a Popis podľa: Roč. XIV, č. 1 (2004) 
500 |a Registračné č.: 97/00384 
515 |a Niektoré čísla vychádzajú ako dvojčíslo 
525 |a Časopis obsahuje samostané prílohy: Lienka ; Infohasič 
650 0 7 |a územná samospráva  |2 SNKPH  |9 802 
650 0 7 |a každodenný život  |2 SNKPH  |9 4946 
651 7 |a Jaslovské Bohunice (Slovensko)  |2 SNKPHgeo  |9 25541 
655 7 |a miestne periodiká  |2 SNKPH  |9 160938 
770 0 |t Lienka  |w vtls011865023 
770 0 |t Infohasič  |w vtls011864962 
910 |a snk 
999 |c 9746  |d 11676 
952 |0 0  |1 0  |3 Spoločne zviazané r. 2004-2008  |4 0  |7 0  |8 0  |a SNK  |b SNK  |d 2019-10-28  |i snk2019/27546  |l 0  |o snkČSB 7333/14/2004  |p 17A1384453  |r 2026-02-21 22:00:23  |t č. 1-4 + 1 príl.  |w 2026-02-21  |y PREZ  |z Príl.: v č. 4 - Všeobecne záväzné nariadenie ; č. 31. ; Spoločne zviazané r. 2004-2008 
952 |0 0  |1 0  |3 Spoločne zviazané r. 2004-2008  |4 0  |7 0  |8 0  |a SNK  |b SNK  |d 2019-10-28  |i snk2019/27546  |l 0  |o snkČSB 7333/15/2005  |p 17A1384454  |r 2026-02-21 22:00:23  |t č. 1-5  |w 2026-02-21  |y PREZ  |z Spoločne zviazané r. 2004-2008 
952 |0 0  |1 0  |3 Spoločne zviazané r. 2004-2008  |4 0  |7 0  |8 0  |a SNK  |b SNK  |d 2019-10-28  |i snk2019/27546  |l 0  |o snkČSB 7333/16/2006  |p 17A1384455  |r 2026-02-21 22:00:24  |t č. 1-5 + 1 príl.  |w 2026-02-21  |y PREZ  |z Príl.: v č. 1 - Príručka pre žiadateľa. ; Spoločne zviazané r. 2004-2008 
952 |0 0  |1 0  |3 Spoločne zviazané r. 2004-2008  |4 0  |7 0  |8 0  |a SNK  |b SNK  |d 2019-10-28  |i snk2019/27546  |l 0  |o snkČSB 7333/17/2007  |p 17A1384456  |r 2026-02-21 22:00:24  |t č. 1-5 + 3 príl.  |w 2026-02-21  |y PREZ  |z Príl.: v č. 1 - Zmluva o nájme ; v č. 2 - Oznámenie o vzniku-zániku daňovej povinnosti ; v č. 4 - Všeobecne záväzné nariadenie č. 44. ; Spoločne zviazané r. 2004-2008 
952 |0 0  |1 0  |3 Spoločne zviazané r. 2004-2008  |4 0  |7 0  |8 0  |a SNK  |b SNK  |d 2019-10-28  |i snk2019/27546  |l 0  |o snkČSB 7333/18/2008  |p 17A1384457  |r 2026-02-21 22:00:24  |t č. 1-4  |w 2026-02-21  |y PREZ  |z Spoločne zviazané r. 2004-2008